Normal view
MARC view
Entry Topical Term
001 - CONTROL NUMBER
- control field: 55076
003 - CONTROL NUMBER IDENTIFIER
- control field: OSt
005 - DATE AND TIME OF LATEST TRANSACTION
- control field: 20241028093000.0
008 - FIXED-LENGTH DATA ELEMENTS
- fixed length control field: 241028|| aca||aabn | a|a d
040 ## - CATALOGING SOURCE
- Original cataloging agency: OSt
- Transcribing agency: OSt
150 ## - HEADING--TOPICAL TERM
- Topical term or geographic name entry element: နှီးဘုရား
670 ## - SOURCE DATA FOUND
- Source citation: Work cat.: (OSt)16876: အောင်မြင့်၊ ဦး(သုဝဏ္ဏဘူမိ)။ 17434, ဖကျောက်အင်းဆံ၊ နှီးဘုရားရက်လုပ်ပူဇော်လှူဒါန်းပွဲတော်၊ မှတ်တမ်းများ /, [ခုနှစ်မပါ]။